Prehľad peňažných tokov (Statement of Cash Flows)

Pokračovanie príspevku z predchádzajúceho čísla. Peňažné toky z investičných činností sa vykazujú priamou metódou, t. j. vykazujú sa skutočné výdavky a skutočné príjmy súvisiace s pohybom dlhodobého majetku. Nepeňažné operácie, ktoré vznikajú v tejto oblasti, sa do prehľadu peňažných tokov nepremiet...

Descrizione completa

Salvato in:
Dettagli Bibliografici
Autore principale: Šlosárová, Anna
Natura: Capitolo di libro
Lingua:slovacco
Soggetti:
Tags: Aggiungi Tag
Nessun Tag, puoi essere il primo ad aggiungerne!!

MARC

LEADER 00000naa a2200000 4500
001 0137021
005 20240502072532.6
041 0 |a slo 
044 |a SK 
245 1 0 |a Prehľad peňažných tokov (Statement of Cash Flows)  |c Anna Šlosárová 
520 |a Pokračovanie príspevku z predchádzajúceho čísla. Peňažné toky z investičných činností sa vykazujú priamou metódou, t. j. vykazujú sa skutočné výdavky a skutočné príjmy súvisiace s pohybom dlhodobého majetku. Nepeňažné operácie, ktoré vznikajú v tejto oblasti, sa do prehľadu peňažných tokov nepremietajú, sú však dôležitými pomocnými informáciami pri jeho zostavovaní a uvádzajú sa v poznámkach k prehľadu peňažných tokov. Ilustračné príklady. 
610 2 0 |a účtovníctvo podvojné 
610 2 0 |a výkazy finančné 
610 2 0 |a prostriedky peňažné 
610 2 0 |a cash flow 
100 1 |a Šlosárová, Anna